| Поле | Название | Значение |
| |
Тип записи |
a |
| |
Библиографический уровень |
m |
| 001 |
Контрольный номер |
RU/IS/BASE/287054098 |
| 005 |
Дата корректировки |
20201206204624.7 |
| 010 |
Индекс ISBN |
__ |
| a |
ISBN |
978-5-9524-3486-8 |
| d |
Цена |
183-00 |
| 101 |
Язык документа |
__ |
| a |
Язык текста |
rus |
| c |
Язык оригинала |
rus |
| 200 |
Заглавие и сведения об ответственности |
0_ |
| a |
Заглавие |
52 легких способа научить детей питаться правильно |
| f |
Первые сведения об ответственности |
Mandy Francis ; [пер. с англ. Кровяковой А. В.] |
| b |
Общее обозначение материала |
Текст |
| 200 |
Заглавие и сведения об ответственности |
__ |
| d |
Параллельное заглавие |
Healthy cooking for children: 52 brilliant ideas to dump the junk |
| 210 |
Выходные данные |
__ |
| a |
Место издания |
М. |
| c |
Издательство |
Центрполиграф |
| d |
Дата издания |
2008 |
| 215 |
Физическое описание |
__ |
| a |
Объем |
191 с. |
| c |
Иллюстрации/тип воспроизводства |
ил. |
| 225 |
Серия |
__ |
| a |
Серия |
52 идеи на каждую неделю года |
| 300 |
Общие примечания |
__ |
| a |
Общие примечания |
Журн. Добрые советы представляет |
| a |
Общие примечания |
На рус. яз. авт. указ. в вып. дан. и на обороте тит. л. |
| 330 |
Аннотация |
__ |
| a |
Аннотация |
Вам не безразлично здоровье ваших детей и вы хотите, чтобы они правильно питались? Тогда эта книга для вас! Здесь нет общих фраз и сложных терминов, вы найдете конкретную информацию о том, как заставить юных любителей чипсов есть овощи и фрукты, как научиться читать этикетки на продуктах и планировать диету малыша-вегетарианца. Полезная еда на скорую руку, здоровое меню для школьников, борьба с избыточным весом ребенка. |
| 517 |
Другие варианты заглавия |
__ |
| a |
Другие варианты заглавия |
Пятьдесят два легких способа научить детей питаться правильно |
| 606 |
Тематические рубрики |
__ |
| a |
Основная рубрика |
Здравоохранение. Медицинские науки |
| 606 |
Тематические рубрики |
__ |
| a |
Основная рубрика |
Гигиена питания |
| 610 |
Ключевые слова |
__ |
| a |
Ключевые слова |
рациональное питание; правильное питание; диетическое питание; здоровое питание; питание детей; детское питание; вегетарианство; приготовление блюд; приготовление пищи; избыточный вес; лишний вес; вес ребенка |
| 686 |
Индексы других классификаций |
__ |
| a |
Классификационный индекс |
51.230; ст51.23 |
| 700 |
Автор |
_1 |
| a |
Фамилия |
Фрэнсис |
| b |
Имя |
М. |
| g |
Полное личное имя |
Мэнди |
| 4 |
Код отношения |
070 |
| 702 |
Вторичная интеллектуальная ответственность |
_1 |
| a |
Фамилия |
Кровякова |
| b |
Имя |
А. В. |
| 4 |
Код отношения |
Переводчик |
| 4 |
Код отношения |
730 |
| 801 |
Источник записи |
_0 |
| a |
Страна |
RU |
| b |
Организация |
Муниципальное бюджетное учреждение культуры "Централизованная библиотечная система" г. Сургут (Центральная городская библиотека им. А. С. Пушкина) |
| g |
Правила каталогизации |
КиК/Поспелова |
| 801 |
Источник записи |
_1 |
| a |
Страна |
RU |
| b |
Организация |
Муниципальное бюджетное учреждение культуры "Централизованная библиотечная система" г. Сургут (Центральная городская библиотека им. А. С. Пушкина) |
| g |
Правила каталогизации |
КиК/Поспелова |
| 852 |
Данные о местонахождении |
__ |
| j |
Шифр хранения |
51.230 |
| c |
Каталожный индекс |
51.230 |
| i |
Авторский знак |
Ф 93 |
| 901 |
Тип документа |
__ |
| t |
Тип документа |
m |
| 903 |
Характеристики (МАРС) |
__ |
| a |
Дата передачи |
20090205 |
| 990 |
Данные о заказе (DOS) |
__ |
| j |
Количество экземпляров (DOS) |
2 |
| t |
N записи в КСУ для И/У (DOS) |
200902 |